01346pab a2200157 454500008004000000100002000040245008800060260000900148300001300157362000800170520087400178650003801052650002601090700002901116773004301145180718b1998 xxu||||| |||| 00| 0 eng d aBhatta, Gambhir aOn governing and milking cows: replicating good governance practices from East Asia c1998 ap.123-50 aDec aGovernance - in particular, good governance, and how to sustain it - has occupied the agendas of practically all international donors and has caught the attention of policy makers around the world. The United Nations, for one, has woven this concept into its development assistance programme and, in the latest governance programme to be pushed by the UN Development Programme, much emphasis is laid on learning from good governance practices around the world. In this context, the argument here is that, despite the spate of bad publicity received by the countries of this region of late, the UNDP could still pick up a thing or two in the formulation of its governance assistance programme from country experiences in this region. The most important lesson is that institution building is still the key and transparency is vital for the public sector. - Reproduced aPublic administration - East Asia aPublic administration aGonzalez, Joaquin L.,III aAsian Journal of Public Administration